Neuváženosť v čerpaní eurofondov sa nevypláca
Slovensko po vstupe do Európskej únie má možnosť participovať na finančných zdrojoch únie. Aktívny prístup žiadateľa. Finančná účasť žiadateľa. Príprava kvalitného projektu. Poradenské firmy. Cena a kvalita projektu. Oprávnenosť žiadateľa na čerpanie prostriedkov z eurofondov. Rozdelenie finančných...
Saved in:
| Main Author: | |
|---|---|
| Format: | Book Chapter |
| Language: | Slovak |
| Subjects: | |
| Tags: |
No Tags, Be the first to tag this record!
|
MARC
| LEADER | 00000naa$a2200000$$$4500 | ||
|---|---|---|---|
| 001 | 0024512 | ||
| 005 | 20231004125437.7 | ||
| 041 | 0 | |a slo | |
| 044 | |a SK | ||
| 245 | 1 | 0 | |a Neuváženosť v čerpaní eurofondov sa nevypláca |c Peter Adamišin |
| 520 | |a Slovensko po vstupe do Európskej únie má možnosť participovať na finančných zdrojoch únie. Aktívny prístup žiadateľa. Finančná účasť žiadateľa. Príprava kvalitného projektu. Poradenské firmy. Cena a kvalita projektu. Oprávnenosť žiadateľa na čerpanie prostriedkov z eurofondov. Rozdelenie finančných prostriedkov z eurofondov podľa programov. | ||
| 610 | 2 | 0 | |a Európska únia |
| 610 | 2 | 0 | |a Slovensko |
| 610 | 2 | 0 | |a fondy štruktúrne |
| 610 | 2 | 0 | |a projekty |
| 610 | 2 | 0 | |a kvalita |
| 610 | 2 | 0 | |a poradenstvo |
| 610 | 2 | 0 | |a programy rozvojové |
| 610 | 2 | 0 | |a mikroregióny |
| 100 | 1 | |a Adamišin, Peter | |